000 00989cab a2200349 4500
001 ABS49454
008 090401t1993 xxu||||| |||| 00| 0 eng d
035 _a(Sirsi) u71343
041 _aeng
245 _aFocus : M25 junctions 16-24
260 _c1993
350 _a0
490 _aEstates Gazette
_v(9342) 23 October 1993, 85-137(22)
650 _aA1(M)
650 _aGREATER LONDON
650 _aHARROW
650 _aHEMEL HEMPSTEAD
650 _aHERTFORDSHIRE
650 _aINDUSTRIAL MARKET
650 _aM25 CORRIDOR
650 _aMIDDLESEX
650 _aPROPERTY-COMMERCIAL PROPERTY-OFFICE PROPERTY-OFFICE PROPERTY MARKET
650 _aPROPERTY-COMMERCIAL PROPERTY-RETAIL PROPERTY-RETAIL PROPERTY MARKET
650 _aST ALBANS
650 _aBCIS ALL-IN TENDER PRICE INDEX
650 _aUXBRIDGE
650 _aWATFORD
650 _aWEMBLEY
690 _aPROPERTY-COMMERCIAL PROPERTY-COMMERCIAL PROPERTY MARKET
942 _n0
948 _c04/03/1997
999 _c44960
_d44960